000 00479nam a2200169Ia 4500
003 GCL
008 140319s9999 xx 000 0 ara d
040 _aGCL /
_cGCL
082 0 4 _a320.5
_bو م
100 1 _aوضاح شرارة
245 1 0 _aالمسألة التاريخية فى الفكر العربى الحديث /
_cوضاح شرارة
300 _a262
490 _a100 قصة
_v0
650 0 4 _aالسياسة
650 0 4 _aالايديولوجيا
942 _2ddc
_cBK
999 _c43799
_d43799